| 000 -CABECERA |
| Longitud fija campo de control |
00619nam a22001817a 4500 |
| 003 - IDENTIFICADOR DEL NÚMERO DE CONTROL |
| Identificador del número de control |
OSt |
| 005 - FECHA Y HORA DE LA ÚLTIMA TRANSACCIÓN |
| Fecha y hora de la última transacción |
20200422155738.0 |
| 008 - CÓDIGOS DE INFORMACIÓN DE LONGITUD FIJA |
| Códigos de información de longitud fija |
200326s2020 sp 000 0 spa d |
| 020 ## - NÚMERO INTERNACIONAL NORMALIZADO PARA LIBROS |
| Número Internacional Normalizado para Libros (ISBN) |
9788416372683 |
| 040 ## - FUENTE DE LA CATALOGACIÓN |
| Centro catalogador de origen |
DLC |
| Lengua de catalogación |
cat |
| Centro transcriptor |
CDMR |
| 100 1# - PUNTO DE ACCESO PRINCIPAL-NOMBRE DE PERSONA |
| Nombre de persona |
Madrid, Francisco, |
| Fechas asociadas al nombre |
1900-1952 |
| 245 10 - MENCIÓN DE TÍTULO |
| Título |
Sangre en Atarazanas |
| Mención de responsabilidad, etc. |
/ Francisco Madrid ; edición a cargo de Julià Guillamon ; fotografías de Gabriel Casas i Galobardes. |
| 260 ## - PUBLICACIÓN, DISTRIBUCIÓN, ETC. (PIE DE IMPRENTA) |
| Lugar de publicación, distribución, etc. |
Barcelona : |
| Nombre del editor, distribuidor, etc. |
La Vanguardia Ediciones, |
| Fecha de publicación, distribución, etc. |
2020 |
| 300 ## - DESCRIPCIÓN FÍSICA |
| Extensión |
239 p. : |
| Otras características físicas |
il ; |
| Dimensiones |
23 cm. |
| 700 1# - PUNTO DE ACCESO ADICIONAL - NOMBRE DE PERSONA |
| Nombre de persona |
Guillamon, Julià, |
| Fechas asociadas al nombre |
1962- |
| 700 1# - PUNTO DE ACCESO ADICIONAL - NOMBRE DE PERSONA |
| Nombre de persona |
Casas i Galobardes, Gabriel, |
| Fechas asociadas al nombre |
1892-1973. |
| 942 ## - ENTRADA DE ELEMENTOS AGREGADOS (KOHA) |
| Koha [por defecto] tipo de item |
Monografies |